000 00832nam a2200229 a 4500
001 000025877
005 20200930024123.0
008 110223s1975 ag r 000 0 spa d
040 _aDO-SdBNP
_bspa
_cBNPHU
041 1 7 _aspa
_heng
_2Código de idiomas MARC
082 _ann*
_bnn*
100 1 _aRockerfeller III, John D.
_952728
240 1 4 _aThe second american revolution.
_lEspañol
245 1 3 _aLa segunda revolución norteamericana :
_balgunas observaciones personales /
_cJohn D. Rockefeller III ; traducción de Canio Carmelo Cillo.
260 _aBuenos Aires :
_bTres Tiempos,
_c1975.
300 _a152 p. ;
_c23 cm.
490 1 _aEnsayos.
_v1
534 _aTítulo de la obra en inglés :
_tThe second american revolution
700 1 _aCarmelo Cillo, Canio,
_etr.
_952729
830 0 _aEnsayos
_v1
_911110
049 _aBNGR
999 _c25369
_d25369